LDR 00608naa#a2200169#i#450# 001 EN\\bibl\120819 005 20260418125051.6 011 ## _a2409-1073 100 ## _a20240620b2024####ek#y0engy0150####ca 102 ## _aRU 200 1# _aAdvantages and disadvantages of using audiovisual texts for teaching foreign language to students of non-linguistic universities _eJournal article 210 1# _aMoscow _cNational Research University of Electronic Technology _d2024 215 ## _a0 с. 608 ## _aJournal article _2local 675 ## _aанглийскому. 372.881.111.1 _z 700 #1 _aBakhtina _gAnna A. 856 4# _aesgi-journal.ru _u